00844nam a2200181 a 450000100100000000500170001000800410002702000180006804000250008610000380011124500600014926000810020930000210029050501820031150000470049395201050054099900170064500004543720201002052241.0150324s2012 dr 000 0 spa d a2789945481082 aDO-SdBNPbspacBNPHU1 aRomero Martínez, Vinicio92271310aBiografía de Bolívar. /cVinicio Romero Martínez. aSanto Domingo :bMovimiento social Duartiano-Bolivariano,c2012.fCentenario a130 p. ;c23 cm.0 tBiografía de BolívartBolívar y el sueño de la integraciónt¿Existe una dotrina Bolivariana?tConstitución Bolívariana y revolucióntPensamientos Bolívarianos aLa biblioteca posee la publicación No. 3 0010718PDaPDbPDcCTd2015-03-24iLF1l0o p45437-10r2020-06-25w2020-06-25yLFPDZNo se presta c44926d44926